[Event "European Rapid Championship 2021"]
[Site "Katowice"]
[Date "2021.12.18"]
[Round "4.25"]
[White "Kovalenko, Igor"]
[Black "Zabron, Maksym"]
[Result "1-0"]
[WhiteElo "2649"]
[BlackElo "1723"]
[Annotator "TA"]
[PlyCount "93"]
[EventDate "2021.12.18"]
[EventType "swiss"]
[EventCountry "POL"]
[SourceTitle "playchess.com"]
[Source "ChessBase"]
[SourceQuality "1"]

{[%evp 9,92,3,11,-3,1,-1,0,-3,0,8,13,16,14,0,22,-6,-10,-42,45,32,85,89,90,59,
95,93,109,49,145,114,151,8,174,155,169,87,86,57,61,50,195,-9,98,75,93,59,174,7,
0,0,195,0,4,0,0,-7,0,-13,45,56,63,25,28,28,22,22,62,48,42,22,121,124,113,121,
122,118,367,297,421,417,29997,29998,29998,29999,29999]} 1. e4 c5 2. Be2 e6 3.
f4 Nc6 4. Nf3 g6 5. O-O Bg7 6. c3 {B21: Sicilian: 2 f4 and Morra Gambit.} Nge7
7. Na3 $5 {[%mdl 4] Recently 7.d4 got a lot of attention. An interesting side
line.} O-O 8. d3 {The position is equal.} d5 9. Qe1 b6 10. Bd2 Ba6 11. Rd1 {[#]
} Qc7 $146 ({Predecessor:} 11... h6 12. Bc1 f5 13. e5 Rb8 14. Nc2 Qd7 15. h3 d4
16. c4 b5 17. b3 Qc7 {0-1 (41) Rendle,T (2389)-D'Costa,L (2409) London 2011})
12. Kh1 Rad8 13. e5 b5 (13... d4 $15) 14. d4 cxd4 (14... c4 $14) 15. cxd4 $16 (
{Reject} 15. Bxb5 dxc3 16. Bxc3 (16. Bxa6 cxd2 17. Qxd2 Qb6 $11) 16... Qb6 $11)
(15. Nxb5 Bxb5 16. Bxb5 dxc3 17. Bxc3 Qb6 $14) 15... Qb6 16. Nc2 $1 Rb8 17. a3
Nf5 18. Bc3 (18. Qf2 $1 $16) 18... Bb7 (18... h5 $14) 19. Bd3 a5 20. Bxf5 (20.
g4 $16) 20... gxf5 $2 {[#]} (20... exf5 $11 {and Black stays safe.} 21. Qd2
Rfc8) 21. Rg1 $1 $18 {g4 is the strong threat.} Kh8 22. b4 (22. g4 $18) 22...
a4 $16 23. Rd3 Ne7 24. Ng5 Ng6 (24... h6 $14) 25. Ne3 $2 (25. Rh3 $18) 25... h6
(25... f6 $11 26. Nh3 (26. exf6 Bxf6 27. Qg3 Rbe8 $15) 26... Rbc8) 26. Nh3 Qd8
27. g4 Qh4 (27... fxg4 $14 28. Rxg4 Rc8) 28. Qg3 $2 ({Don't play} 28. Qxh4 $6
Nxh4 29. gxf5 Nxf5 $14) (28. Qf1 $18 fxg4 29. Nxg4) 28... fxg4 $11 29. Nxg4 Bc8
$2 {[#]} (29... Rbc8 $11) 30. Be1 $2 (30. Qf3 $1 $18 {[%cal Og4f6] Black must
now prevent Nf6!} Qh5 31. Bd2) 30... Qxg3 31. hxg3 Bd7 32. Rc3 Rbc8 {To avoid
Rc7} 33. Rc5 Rfd8 (33... Ne7 $11) 34. Nhf2 $14 Bf8 35. Nd3 Bxc5 36. bxc5 Kg7
37. Nf6 {[%mdl 1024] Hoping for Ba5. White has compensation.} Bc6 38. Kg2 {
White is more active.} Rh8 39. Nh5+ {Pair of Knights!} Kh7 (39... Kf8 $11 {
remains equal.}) 40. Kf3 $16 Ne7 41. g4 {[%cal Bg3g4,Bg4f5][%mdl 32]} Bb7 42.
Ke3 Kg6 $2 (42... Rhg8 $16 {was worth a try.}) 43. Bh4 Nc6 (43... Nf5+ $142 44.
gxf5+ Kxh5) 44. f5+ $18 exf5 (44... Kh7 $18 45. fxe6 fxe6) 45. gxf5+ {White
mates.} Kxh5 46. Bf6 {[%cal Rd3f4]} Rhg8 47. Nf4# {Weighted Error Value:
White=0.40/Black=0.58} 1-0

[Event "European Rapid Championship 2021"]
[Site "Katowice"]
[Date "2021.12.18"]
[Round "4.25"]
[White "Karykowska, Anna"]
[Black "Sharankov, Grigory"]
[Result "0-1"]
[WhiteElo "1990"]
[BlackElo "2220"]
[Annotator "NA"]
[PlyCount "90"]
[EventDate "2021.12.18"]
[EventType "swiss"]
[EventCountry "POL"]
[SourceTitle "playchess.com"]
[Source "ChessBase"]
[SourceQuality "1"]
[TimeControl "900+10"]

1. e4 {[%emt 0:00:02]} e6 {[%emt 0:00:01]} 2. d4 {[%emt 0:00:03]} d5 {[%emt 0:
00:01]} 3. Bd3 {[%emt 0:00:03]} c5 {[%emt 0:00:04]} 4. exd5 {[%emt 0:00:07]}
exd5 {[%emt 0:00:01]} 5. Nf3 {[%emt 0:01:18]} Nc6 {[%emt 0:00:34]} 6. dxc5 {
[%emt 0:00:42]} Bxc5 {[%emt 0:00:03]} 7. O-O {[%emt 0:00:02]} Nf6 {[%emt 0:00:
02]} 8. Bg5 {[%emt 0:00:17]} O-O {[%emt 0:00:05]} 9. Nbd2 {[%emt 0:00:11]} h6 {
[%emt 0:00:02]} 10. Bh4 {[%emt 0:00:20]} Bb6 {[%emt 0:00:23]} 11. a3 {[%emt 0:
01:16]} Re8 {[%emt 0:01:20]} 12. b4 {[%emt 0:00:37]} g5 {[%emt 0:00:18]} 13.
Bg3 {[%emt 0:00:14]} Ne4 {[%emt 0:00:05]} 14. c4 {[%emt 0:03:04]} Nxg3 {
[%emt 0:01:59]} 15. hxg3 {[%emt 0:00:08]} Be6 {[%emt 0:00:44]} 16. c5 {[%emt 0:
00:21]} Bc7 {[%emt 0:00:02]} 17. Nb3 {[%emt 0:00:03]} Qf6 {[%emt 0:00:17]} 18.
b5 {[%emt 0:00:39]} Ne5 {[%emt 0:00:22]} 19. Nxe5 {[%emt 0:01:07]} Bxe5 {
[%emt 0:00:04]} 20. Rb1 {[%emt 0:00:34]} Kg7 {[%emt 0:00:06]} 21. Na5 {[%emt 0:
00:41]} b6 {[%emt 0:00:20]} 22. Nb3 {[%emt 0:00:54]} h5 {[%emt 0:01:42]} 23.
Qf3 {[%emt 0:00:42]} Rh8 {[%emt 0:02:29]} 24. Qxf6+ {[%emt 0:00:31]} Bxf6 {
[%emt 0:00:01]} 25. c6 {[%emt 0:00:36]} h4 {[%emt 0:00:07]} 26. gxh4 {[%emt 0:
00:24]} Rxh4 {[%emt 0:00:40]} 27. f3 {[%emt 0:01:27]} Ra4 {[%emt 0:00:20]} 28.
Kf2 {[%emt 0:01:17]} Rh8 {[%emt 0:00:14]} 29. Rh1 {[%emt 0:00:15]} Rxa3 {
[%emt 0:00:01]} 30. Rxh8 {[%emt 0:00:05]} Kxh8 {[%emt 0:00:01]} 31. Ke2 {
[%emt 0:01:23]} Kg7 {[%emt 0:00:35]} 32. Nd2 {[%emt 0:00:26]} Be5 {[%emt 0:00:
39]} 33. Rc1 {[%emt 0:00:14]} Bc7 {[%emt 0:00:01]} 34. g4 {[%emt 0:00:22]} Kf6
{[%emt 0:00:02]} 35. Nf1 {[%emt 0:00:21]} Ke5 {[%emt 0:01:11]} 36. Ne3 {
[%emt 0:00:06]} Bd6 {[%emt 0:02:23]} 37. c7 {[%emt 0:00:11]} Bc5 {[%emt 0:00:
09]} 38. Nf5 {[%emt 0:00:08]} Bc8 {[%emt 0:01:02]} 39. Rc2 {[%emt 0:00:11]} Ke6
{[%emt 0:00:13]} 40. Nh6 {[%emt 0:00:13]} Ke7 {[%emt 0:01:56]} 41. Bf5 {
[%emt 0:00:08]} Bxf5 {[%emt 0:00:01]} 42. Nxf5+ {[%emt 0:00:06]} Kd7 {[%emt 0:
00:02]} 43. Nh6 {[%emt 0:00:13]} Re3+ {[%emt 0:00:06]} 44. Kf2 {[%emt 0:00:14]}
Rc3+ {[%emt 0:00:03]} 45. Kg3 {[%emt 0:00:05]} Rxc2 {[%emt 0:00:02]} 0-1

[Event "European Rapid Championship 2021"]
[Site "Katowice"]
[Date "2021.12.18"]
[Round "4.26"]
[White "Andersen, Mads"]
[Black "Semjonovs, Ilja"]
[Result "1-0"]
[WhiteElo "2574"]
[BlackElo "2383"]
[Annotator "ChessBase"]
[PlyCount "35"]
[EventDate "2021.12.18"]
[EventType "swiss"]
[EventCountry "POL"]
[SourceTitle "playchess.com"]
[Source "ChessBase"]
[SourceQuality "1"]
[TimeControl "900+10"]

1. d4 {[%emt 0:00:03]} Nf6 {[%emt 0:00:02]} 2. c4 {[%emt 0:00:02]} c5 {[%emt 0:
00:08]} 3. d5 {[%emt 0:00:03]} b5 {[%emt 0:00:03]} 4. cxb5 {[%emt 0:00:02]} a6
{[%emt 0:00:02]} 5. bxa6 {[%emt 0:00:02]} g6 {[%emt 0:00:08]} 6. Nc3 {[%emt 0:
00:03]} Bg7 {[%emt 0:00:08]} 7. e4 {[%emt 0:00:05]} O-O {[%emt 0:00:20]} 8. Bc4
{[%emt 0:00:06]} Qa5 {[%emt 0:00:49]} 9. a7 {[%emt 0:00:06]} Nxe4 {[%emt 0:02:
09]} 10. axb8=Q {[%emt 0:01:24]} Rxb8 {[%emt 0:00:03]} 11. Nge2 {[%emt 0:01:17]
} Nxc3 {[%emt 0:04:42]} 12. bxc3 {[%emt 0:00:20]} Bxc3+ {[%emt 0:00:04]} 13.
Bd2 {[%emt 0:00:19]} Bxd2+ {[%emt 0:00:04]} 14. Qxd2 {[%emt 0:00:02]} Qa4 {
[%emt 0:00:01]} 15. Rc1 {[%emt 0:01:22]} Rb4 {[%emt 0:00:15]} 16. Bb3 {[%emt 0:
02:55]} Qb5 {[%emt 0:00:24]} 17. O-O {[%emt 0:00:18]} c4 {[%emt 0:00:13]} 18.
Bc2 {[%emt 0:00:24]} 1-0

[Event "European Rapid Championship 2021"]
[Site "Katowice"]
[Date "2021.12.18"]
[Round "4.26"]
[White "Golubovskis, Maksims"]
[Black "Kaminski, Jan"]
[Result "1-0"]
[WhiteElo "2210"]
[BlackElo "1812"]
[Annotator "NA"]
[PlyCount "111"]
[EventDate "2021.12.18"]
[EventType "swiss"]
[EventCountry "POL"]
[SourceTitle "playchess.com"]
[Source "ChessBase"]
[SourceQuality "1"]
[TimeControl "900+10"]

1. e4 {[%emt 0:00:01]} c5 {[%emt 0:00:01]} 2. Nf3 {[%emt 0:00:02]} g6 {[%emt 0:
00:02]} 3. d4 {[%emt 0:00:02]} cxd4 {[%emt 0:00:01]} 4. Nxd4 {[%emt 0:00:01]}
Nc6 {[%emt 0:00:01]} 5. c4 {[%emt 0:00:03]} Nf6 {[%emt 0:00:03]} 6. Nc3 {
[%emt 0:00:04]} d6 {[%emt 0:00:02]} 7. f3 {[%emt 0:00:13]} Nxd4 {[%emt 0:00:03]
} 8. Qxd4 {[%emt 0:00:03]} Bg7 {[%emt 0:00:03]} 9. Be3 {[%emt 0:00:23]} O-O {
[%emt 0:00:03]} 10. Qd2 {[%emt 0:00:02]} Be6 {[%emt 0:00:16]} 11. Nd5 {[%emt 0:
00:36]} Nxd5 {[%emt 0:00:36]} 12. cxd5 {[%emt 0:00:06]} Bd7 {[%emt 0:00:02]}
13. Be2 {[%emt 0:00:15]} b5 {[%emt 0:01:06]} 14. O-O {[%emt 0:00:16]} a5 {
[%emt 0:00:06]} 15. Rac1 {[%emt 0:00:12]} a4 {[%emt 0:00:11]} 16. Rc2 {[%emt 0:
03:08]} a3 {[%emt 0:03:49]} 17. b3 {[%emt 0:00:41]} Qb8 {[%emt 0:00:11]} 18.
Bd4 {[%emt 0:01:40]} Bxd4+ {[%emt 0:00:18]} 19. Qxd4 {[%emt 0:00:02]} Rc8 {
[%emt 0:00:12]} 20. Rfc1 {[%emt 0:02:55]} Rxc2 {[%emt 0:00:19]} 21. Rxc2 {
[%emt 0:00:02]} Qa7 {[%emt 0:03:37]} 22. Qxa7 {[%emt 0:00:05]} Rxa7 {[%emt 0:
00:01]} 23. Kf2 {[%emt 0:00:46]} f5 {[%emt 0:00:23]} 24. Ke3 {[%emt 0:00:19]}
fxe4 {[%emt 0:00:02]} 25. fxe4 {[%emt 0:00:03]} Kf7 {[%emt 0:00:29]} 26. Kd4 {
[%emt 0:00:19]} b4 {[%emt 0:02:05]} 27. Bd3 {[%emt 0:00:12]} g5 {[%emt 0:02:35]
} 28. e5 {[%emt 0:01:10]} dxe5+ {[%emt 0:00:04]} 29. Kxe5 {[%emt 0:00:02]} h6 {
[%emt 0:00:22]} 30. Rc5 {[%emt 0:02:52]} Rb7 {[%emt 0:00:47]} 31. Bc4 {[%emt 0:
00:18]} Kg7 {[%emt 0:00:13]} 32. h3 {[%emt 0:00:34]} Be8 {[%emt 0:00:09]} 33.
Bd3 {[%emt 0:00:11]} Bd7 {[%emt 0:00:22]} 34. Be4 {[%emt 0:00:57]} Ra7 {
[%emt 0:00:37]} 35. Rc4 {[%emt 0:00:12]} Rb7 {[%emt 0:00:24]} 36. Rc5 {[%emt 0:
00:41]} Ra7 {[%emt 0:00:32]} 37. Bd3 {[%emt 0:00:09]} Rb7 {[%emt 0:00:07]} 38.
d6 {[%emt 0:01:03]} exd6+ {[%emt 0:00:02]} 39. Kxd6 {[%emt 0:00:01]} Be8 {
[%emt 0:00:47]} 40. Rc7+ {[%emt 0:00:24]} Rxc7 {[%emt 0:00:00]} 41. Kxc7 {
[%emt 0:00:01]} Bf7 {[%emt 0:00:20]} 42. Bc2 {[%emt 0:00:02]} Bd5 {[%emt 0:00:
05]} 43. g3 {[%emt 0:00:06]} Bg2 {[%emt 0:00:09]} 44. h4 {[%emt 0:00:01]} gxh4
{[%emt 0:00:02]} 45. gxh4 {[%emt 0:00:00]} Kf6 {[%emt 0:00:04]} 46. Kd6 {
[%emt 0:00:02]} h5 {[%emt 0:00:11]} 47. Kc5 {[%emt 0:00:51]} Ke5 {[%emt 0:00:
03]} 48. Kxb4 {[%emt 0:00:10]} Kf4 {[%emt 0:00:01]} 49. Bd1 {[%emt 0:00:30]}
Bf3 {[%emt 0:00:12]} 50. Bxf3 {[%emt 0:00:08]} Kxf3 {[%emt 0:00:01]} 51. Kxa3 {
[%emt 0:00:01]} Kg4 {[%emt 0:00:01]} 52. b4 {[%emt 0:00:01]} Kxh4 {[%emt 0:00:
02]} 53. b5 {[%emt 0:00:01]} Kg4 {[%emt 0:00:04]} 54. b6 {[%emt 0:00:05]} h4 {
[%emt 0:00:01]} 55. b7 {[%emt 0:00:01]} h3 {[%emt 0:00:01]} 56. b8=Q {[%emt 0:
00:02]} 1-0

[Event "European Rapid Championship 2021"]
[Site "Katowice"]
[Date "2021.12.18"]
[Round "4.27"]
[White "Schneider, Ilja"]
[Black "Zylka, Stanislaw"]
[Result "1-0"]
[WhiteElo "2490"]
[BlackElo "2367"]
[Annotator "ChessBase"]
[PlyCount "97"]
[EventDate "2021.12.18"]
[EventType "swiss"]
[EventCountry "POL"]
[SourceTitle "playchess.com"]
[Source "ChessBase"]
[SourceQuality "1"]
[TimeControl "900+10"]

1. d4 {[%emt 0:00:03]} Nf6 {[%emt 0:00:03]} 2. c4 {[%emt 0:00:02]} g6 {[%emt 0:
00:01]} 3. Nf3 {[%emt 0:00:02]} Bg7 {[%emt 0:00:02]} 4. e3 {[%emt 0:00:01]} O-O
{[%emt 0:00:03]} 5. Be2 {[%emt 0:00:02]} d5 {[%emt 0:00:07]} 6. cxd5 {[%emt 0:
00:02]} Nxd5 {[%emt 0:00:02]} 7. e4 {[%emt 0:00:04]} Nb6 {[%emt 0:00:02]} 8.
O-O {[%emt 0:00:04]} Nc6 {[%emt 0:00:13]} 9. Be3 {[%emt 0:00:40]} Bg4 {[%emt 0:
00:12]} 10. Nbd2 {[%emt 0:00:10]} Qd6 {[%emt 0:01:14]} 11. Rc1 {[%emt 0:03:35]}
e6 {[%emt 0:03:35]} 12. d5 {[%emt 0:04:00]} exd5 {[%emt 0:00:02]} 13. Bc5 {
[%emt 0:00:01]} Qd7 {[%emt 0:00:52]} 14. Bxf8 {[%emt 0:00:23]} Rxf8 {[%emt 0:
00:03]} 15. exd5 {[%emt 0:00:11]} Qxd5 {[%emt 0:00:05]} 16. Nc4 {[%emt 0:00:08]
} Qxd1 {[%emt 0:01:58]} 17. Rfxd1 {[%emt 0:00:04]} Na4 {[%emt 0:03:12]} 18. h3
{[%emt 0:03:35]} Bf5 {[%emt 0:00:07]} 19. Bd3 {[%emt 0:01:11]} Be6 20. b3 Nc3 {
[%emt 0:00:35]} 21. Rd2 {[%emt 0:00:11]} Nb4 {[%emt 0:02:42]} 22. Bb1 {[%emt 0:
00:01]} Nxb1 {[%emt 0:00:09]} 23. Rxb1 {[%emt 0:00:01]} Nc6 {[%emt 0:00:22]}
24. Ng5 {[%emt 0:00:48]} Bf5 {[%emt 0:00:04]} 25. Rbd1 {[%emt 0:00:24]} Bh6 {
[%emt 0:00:12]} 26. f4 {[%emt 0:00:03]} f6 {[%emt 0:00:11]} 27. g4 {[%emt 0:00:
13]} Bc8 {[%emt 0:00:33]} 28. Ne4 {[%emt 0:00:01]} Bxf4 {[%emt 0:00:07]} 29.
Rf2 {[%emt 0:00:01]} g5 {[%emt 0:00:09]} 30. Re2 {[%emt 0:00:54]} f5 {[%emt 0:
00:43]} 31. gxf5 {[%emt 0:00:18]} Bxf5 {[%emt 0:00:03]} 32. Nxg5 {[%emt 0:00:
51]} Kh8 {[%emt 0:02:07]} 33. Ne6 {[%emt 0:00:41]} Rg8+ {[%emt 0:00:01]} 34.
Kh1 {[%emt 0:00:03]} Bg3 {[%emt 0:00:38]} 35. Rg1 {[%emt 0:00:21]} h5 {[%emt 0:
00:07]} 36. Nd2 {[%emt 0:01:09]} h4 {[%emt 0:00:06]} 37. Nf1 {[%emt 0:00:12]}
Bxh3 38. Nxg3 {[%emt 0:00:01]} hxg3 {[%emt 0:00:22]} 39. Re3 {[%emt 0:00:09]}
g2+ {[%emt 0:00:16]} 40. Kh2 {[%emt 0:00:01]} Bf5 {[%emt 0:00:02]} 41. Nxc7 {
[%emt 0:00:31]} Rg7 {[%emt 0:00:23]} 42. Re8+ {[%emt 0:00:18]} Kh7 {[%emt 0:00:
01]} 43. Nd5 {[%emt 0:00:00]} Rg6 {[%emt 0:00:13]} 44. Rxg2 {[%emt 0:00:06]}
Rh6+ {[%emt 0:00:09]} 45. Kg1 {[%emt 0:00:00]} Nd4 {[%emt 0:00:13]} 46. Re7+ {
[%emt 0:00:11]} Kh8 {[%emt 0:00:01]} 47. Kf2 {[%emt 0:00:27]} Rh4 {[%emt 0:00:
17]} 48. Re8+ {[%emt 0:00:15]} Kh7 {[%emt 0:00:05]} 49. Nf6+ {[%emt 0:00:01]}
1-0

[Event "European Rapid Championship 2021"]
[Site "Katowice"]
[Date "2021.12.18"]
[Round "4.27"]
[White "Jozwik, Jacek"]
[Black "Walter, Szymon"]
[Result "0-1"]
[WhiteElo "1817"]
[BlackElo "2203"]
[Annotator "NA"]
[PlyCount "65"]
[EventDate "2021.12.18"]
[EventType "swiss"]
[EventCountry "POL"]
[SourceTitle "playchess.com"]
[Source "ChessBase"]
[SourceQuality "1"]
[TimeControl "900+10"]

1. d4 {[%emt 0:00:03]} Nf6 {[%emt 0:00:07]} 2. c4 {[%emt 0:00:02]} e6 {[%emt 0:
00:04]} 3. Nf3 {[%emt 0:00:03]} Bb4+ {[%emt 0:00:04]} 4. Bd2 {[%emt 0:00:04]}
Qe7 {[%emt 0:00:08]} 5. g3 {[%emt 0:00:12]} Nc6 {[%emt 0:00:10]} 6. Bg2 {
[%emt 0:00:09]} Bxd2+ {[%emt 0:00:07]} 7. Nbxd2 {[%emt 0:00:22]} d6 {[%emt 0:
00:10]} 8. O-O {[%emt 0:01:47]} O-O {[%emt 0:00:05]} 9. a3 {[%emt 0:00:43]} a5
{[%emt 0:00:15]} 10. Qc2 {[%emt 0:00:52]} Bd7 {[%emt 0:00:48]} 11. e3 {[%emt 0:
00:36]} e5 {[%emt 0:01:09]} 12. Ne4 {[%emt 0:01:37]} exd4 {[%emt 0:00:27]} 13.
Nxf6+ {[%emt 0:01:18]} Qxf6 {[%emt 0:00:03]} 14. exd4 {[%emt 0:00:02]} Nxd4 {
[%emt 0:00:10]} 15. Nxd4 {[%emt 0:00:04]} Qxd4 {[%emt 0:00:03]} 16. Rad1 {
[%emt 0:00:08]} Qf6 {[%emt 0:00:11]} 17. c5 {[%emt 0:00:20]} Bg4 {[%emt 0:00:
34]} 18. Rd2 {[%emt 0:00:29]} dxc5 {[%emt 0:00:19]} 19. Bxb7 {[%emt 0:00:15]}
Rab8 {[%emt 0:00:25]} 20. Bg2 {[%emt 0:00:08]} a4 {[%emt 0:05:17]} 21. Qxa4 {
[%emt 0:00:50]} Be6 {[%emt 0:00:15]} 22. Qc2 {[%emt 0:01:51]} c4 {[%emt 0:00:
05]} 23. Re1 {[%emt 0:02:17]} Rb3 {[%emt 0:01:57]} 24. Re4 {[%emt 0:01:36]}
Rfb8 {[%emt 0:01:01]} 25. Red4 {[%emt 0:00:06]} c5 {[%emt 0:00:50]} 26. Rd6 {
[%emt 0:01:03]} g6 {[%emt 0:01:34]} 27. Qxc4 {[%emt 0:01:07]} Bxc4 {[%emt 0:00:
02]} 28. Rxf6 {[%emt 0:00:02]} Rxb2 {[%emt 0:00:01]} 29. Rxb2 {[%emt 0:00:39]}
Rxb2 {[%emt 0:00:02]} 30. Be4 {[%emt 0:00:11]} Re2 {[%emt 0:01:03]} 31. f3 {
[%emt 0:00:31]} Be6 {[%emt 0:00:10]} 32. Rf4 {[%emt 0:00:17]} Bc4 33. Rf6 0-1

[Event "European Rapid Championship 2021"]
[Site "Katowice"]
[Date "2021.12.18"]
[Round "4.28"]
[White "Flasinski, Michal"]
[Black "Vetoshko, Volodymyr"]
[Result "0-1"]
[WhiteElo "2195"]
[BlackElo "2483"]
[Annotator "ChessBase"]
[PlyCount "95"]
[EventDate "2021.12.18"]
[EventType "swiss"]
[EventCountry "POL"]
[SourceTitle "playchess.com"]
[Source "ChessBase"]
[SourceQuality "1"]
[TimeControl "900+10"]

1. d4 {[%emt 0:00:02]} d5 {[%emt 0:00:05]} 2. c4 e6 3. Nf3 {[%emt 0:00:04]} a6
{[%emt 0:00:01]} 4. Nbd2 {[%emt 0:00:13]} Nf6 {[%emt 0:00:22]} 5. g3 c5 6. cxd5
{[%emt 0:00:10]} exd5 {[%emt 0:00:55]} 7. Bg2 {[%emt 0:00:03]} Nc6 {[%emt 0:00:
00]} 8. O-O {[%emt 0:00:10]} Be6 {[%emt 0:01:24]} 9. Nb3 {[%emt 0:02:46]} c4 {
[%emt 0:02:35]} 10. Nc5 {[%emt 0:00:02]} Bxc5 {[%emt 0:00:38]} 11. dxc5 {
[%emt 0:00:02]} d4 {[%emt 0:00:11]} 12. Bf4 {[%emt 0:00:21]} Ne4 {[%emt 0:03:
17]} 13. Ne5 {[%emt 0:00:31]} f5 {[%emt 0:01:16]} 14. Nxc6 {[%emt 0:02:40]}
bxc6 {[%emt 0:00:01]} 15. Be5 {[%emt 0:00:05]} O-O {[%emt 0:00:24]} 16. Qxd4 {
[%emt 0:00:18]} Qxd4 {[%emt 0:00:49]} 17. Bxd4 {[%emt 0:00:02]} Bd5 {[%emt 0:
01:03]} 18. Rfd1 {[%emt 0:01:18]} Rab8 {[%emt 0:00:31]} 19. Rac1 {[%emt 0:00:
34]} Rb5 {[%emt 0:01:04]} 20. Bf1 {[%emt 0:01:27]} Nxc5 {[%emt 0:00:24]} 21. b3
{[%emt 0:01:10]} cxb3 {[%emt 0:01:26]} 22. Rxc5 {[%emt 0:00:17]} bxa2 {[%emt 0:
00:12]} 23. Rxb5 {[%emt 0:00:59]} axb5 {[%emt 0:00:02]} 24. Ba1 {[%emt 0:00:36]
} Ra8 {[%emt 0:00:30]} 25. Bg2 {[%emt 0:00:22]} Ra4 {[%emt 0:01:34]} 26. Rd2 {
[%emt 0:01:19]} Kf7 {[%emt 0:00:12]} 27. Bxd5+ {[%emt 0:00:19]} cxd5 {[%emt 0:
00:00]} 28. Rb2 {[%emt 0:00:05]} b4 {[%emt 0:00:13]} 29. Kg2 {[%emt 0:00:12]}
Ke6 {[%emt 0:00:02]} 30. Kf3 {[%emt 0:00:02]} d4 {[%emt 0:00:28]} 31. Rd2 {
[%emt 0:00:14]} b3 {[%emt 0:00:11]} 32. Rxd4 {[%emt 0:00:17]} b2 {[%emt 0:00:
02]} 33. Bxb2 {[%emt 0:00:02]} a1=Q {[%emt 0:00:05]} 34. Bxa1 {[%emt 0:00:02]}
Rxa1 {[%emt 0:00:01]} 35. Rb4 {[%emt 0:00:05]} Ra2 {[%emt 0:00:20]} 36. Rb7 {
[%emt 0:00:06]} Kf6 {[%emt 0:00:01]} 37. h4 {[%emt 0:00:03]} Ra3+ {[%emt 0:00:
35]} 38. Kf4 {[%emt 0:00:28]} Ra4+ {[%emt 0:00:02]} 39. Kf3 {[%emt 0:00:01]}
Ra3+ {[%emt 0:00:02]} 40. e3 {[%emt 0:00:02]} Ra2 {[%emt 0:00:00]} 41. Rb6+ {
[%emt 0:00:02]} Kf7 {[%emt 0:00:04]} 42. Rb5 {[%emt 0:00:04]} Kf6 {[%emt 0:00:
03]} 43. Rb7 {[%emt 0:00:03]} Rc2 {[%emt 0:00:06]} 44. Ra7 {[%emt 0:00:03]} Rb2
{[%emt 0:00:01]} 45. h5 {[%emt 0:00:25]} h6 {[%emt 0:01:00]} 46. Ra6+ {[%emt 0:
00:10]} Kf7 {[%emt 0:00:02]} 47. Ra5 {[%emt 0:00:16]} Kf6 {[%emt 0:00:02]} 48.
Ra6+ {[%emt 0:00:50]} 0-1

[Event "European Rapid Championship 2021"]
[Site "Katowice"]
[Date "2021.12.18"]
[Round "4.28"]
[White "Rykala, Monika"]
[Black "Kos, Pawel"]
[Result "0-1"]
[WhiteElo "1883"]
[BlackElo "2199"]
[Annotator "NA"]
[PlyCount "62"]
[EventDate "2021.12.18"]
[EventType "swiss"]
[EventCountry "POL"]
[SourceTitle "playchess.com"]
[Source "ChessBase"]
[SourceQuality "1"]
[TimeControl "900+10"]

1. d4 {[%emt 0:00:01]} Nf6 {[%emt 0:00:03]} 2. c4 {[%emt 0:00:04]} g6 {[%emt 0:
00:03]} 3. Nc3 {[%emt 0:00:02]} Bg7 {[%emt 0:00:01]} 4. e4 {[%emt 0:00:02]} d6
{[%emt 0:00:02]} 5. f4 {[%emt 0:00:04]} c6 {[%emt 0:00:51]} 6. Nf3 {[%emt 0:00:
08]} a6 {[%emt 0:00:09]} 7. a4 {[%emt 0:00:23]} Qa5 {[%emt 0:02:02]} 8. Bd2 {
[%emt 0:00:57]} Bg4 {[%emt 0:00:20]} 9. Nd5 {[%emt 0:06:41]} Qd8 {[%emt 0:00:
31]} 10. Nxf6+ {[%emt 0:00:02]} exf6 {[%emt 0:01:10]} 11. Qb3 {[%emt 0:00:43]}
Qe7 {[%emt 0:01:07]} 12. O-O-O {[%emt 0:00:30]} b5 {[%emt 0:00:30]} 13. a5 {
[%emt 0:00:37]} O-O {[%emt 0:00:20]} 14. h3 {[%emt 0:00:23]} Be6 {[%emt 0:00:
49]} 15. d5 {[%emt 0:00:20]} Bd7 {[%emt 0:00:26]} 16. Bd3 {[%emt 0:00:39]} bxc4
{[%emt 0:00:49]} 17. Bxc4 {[%emt 0:00:01]} f5 {[%emt 0:01:16]} 18. e5 {[%emt 0:
00:56]} Rc8 {[%emt 0:01:54]} 19. exd6 {[%emt 0:01:02]} Qxd6 {[%emt 0:00:30]}
20. Bb4 {[%emt 0:01:01]} Qxf4+ {[%emt 0:00:22]} 21. Kb1 {[%emt 0:00:00]} Ra7 {
[%emt 0:00:46]} 22. Bc5 {[%emt 0:02:39]} cxd5 {[%emt 0:00:14]} 23. Bxa7 {
[%emt 0:00:07]} dxc4 {[%emt 0:00:02]} 24. Qb6 {[%emt 0:01:16]} c3 {[%emt 0:01:
37]} 25. Rd4 {[%emt 0:00:26]} c2+ {[%emt 0:00:17]} 26. Ka2 {[%emt 0:00:01]}
Be6+ {[%emt 0:01:22]} 27. b3 {[%emt 0:00:01]} Bxd4 {[%emt 0:00:12]} 28. Nxd4 {
[%emt 0:00:09]} Qd2 {[%emt 0:01:23]} 29. Nf3 {[%emt 0:00:28]} c1=N+ {[%emt 0:
00:30]} 30. Ka3 Qa2+ {[%emt 0:00:05]} 31. Kb4 {[%emt 0:00:02]} Qxb3# 0-1

[Event "European Rapid Championship 2021"]
[Site "Katowice"]
[Date "2021.12.18"]
[Round "4.29"]
[White "Reimanis, Ritvars"]
[Black "Bogdanov, Ignat"]
[Result "1/2-1/2"]
[WhiteElo "2397"]
[BlackElo "2058"]
[Annotator "NA"]
[PlyCount "54"]
[EventDate "2021.12.18"]
[EventType "swiss"]
[EventCountry "POL"]
[SourceTitle "playchess.com"]
[Source "ChessBase"]
[SourceQuality "1"]
[TimeControl "900+10"]

1. Nf3 {[%emt 0:01:34]} d5 {[%emt 0:00:06]} 2. d4 {[%emt 0:00:01]} Nf6 {
[%emt 0:00:02]} 3. c4 {[%emt 0:00:02]} dxc4 {[%emt 0:00:10]} 4. e3 {[%emt 0:00:
01]} c5 {[%emt 0:00:08]} 5. Bxc4 {[%emt 0:00:01]} cxd4 {[%emt 0:00:03]} 6. O-O
{[%emt 0:00:04]} e6 {[%emt 0:00:03]} 7. exd4 {[%emt 0:00:03]} Be7 {[%emt 0:00:
04]} 8. Nc3 {[%emt 0:00:04]} O-O {[%emt 0:00:03]} 9. Re1 {[%emt 0:00:17]} Nc6 {
[%emt 0:01:03]} 10. a3 {[%emt 0:00:08]} a6 {[%emt 0:00:39]} 11. Bg5 {[%emt 0:
00:50]} b5 {[%emt 0:01:32]} 12. Ba2 {[%emt 0:00:04]} Bb7 {[%emt 0:00:06]} 13.
Qd2 {[%emt 0:08:31]} b4 {[%emt 0:02:41]} 14. axb4 {[%emt 0:00:05]} Nxb4 {
[%emt 0:00:11]} 15. Bc4 {[%emt 0:01:01]} Bxf3 {[%emt 0:02:04]} 16. gxf3 {
[%emt 0:00:01]} Nfd5 {[%emt 0:00:25]} 17. Be3 {[%emt 0:01:15]} Bd6 {[%emt 0:03:
33]} 18. Nxd5 {[%emt 0:02:01]} Nxd5 {[%emt 0:01:16]} 19. Bxd5 {[%emt 0:00:23]}
exd5 {[%emt 0:00:01]} 20. Bf4 {[%emt 0:00:06]} Bxf4 {[%emt 0:00:20]} 21. Qxf4 {
[%emt 0:00:01]} Qb6 {[%emt 0:00:04]} 22. Re2 {[%emt 0:00:40]} Rac8 {[%emt 0:01:
04]} 23. Rae1 {[%emt 0:00:20]} Qg6+ {[%emt 0:01:24]} 24. Kf1 {[%emt 0:00:52]}
Rc2 {[%emt 0:00:24]} 25. Re8 {[%emt 0:00:25]} Rc8 {[%emt 0:01:00]} 26. R8e5 {
[%emt 0:00:14]} Rc2 {[%emt 0:00:20]} 27. Re8 {[%emt 0:00:01]} Rc8 {[%emt 0:00:
02]} 1/2-1/2